[Event "Zalakaros Open"]
[Site "Zalakaros"]
[Date "1995.??.??"]
[Round "9"]
[White "Mihalko, Jozsef"]
[Black "Ruck, Tamas"]
[Result "0-1"]
[WhiteElo "2350"]
[BlackElo "2265"]
[PlyCount "58"]
[EventDate "1995.??.??"]
[Source "www.chesslib.no"]
[SourceDate "2004.05.04"]

1. e4 e5 2. Bb5 c6 3. Ba4 d6 4. d3 Nf6 5. f4 Nbd7 6. c3 d5 7. Nf3 dxe4 8. Nxe5 exd3 9. Qxd3 Bc5 10. b4 Bb6 11. Nc4 O-O 12. Nxb6 Qxb6 13. Be3 Re8 14. Kd2 Qc7 15. g3 Nb6 16. Bc2 Bg4 17. Re1 a5 18. bxa5 Nbd5 19. Bd4 Qxa5 20. Re5 g6 21. Kc1 Nd7 22. Rxe8+ Rxe8 23. Kb2 Bf5 24. Qf1 Bxc2 25. Kxc2 Qa4+ 26. Kd3 c5 27. Bf2 N7b6 28. Nd2 Qd7 29. Ne4 Nf6+ 0-1

[Event "KGSRL Masters 2nd"]
[Site "Gent"]
[Date "1999.09.12"]
[Round "9"]
[White "Bezsilko, Philippe"]
[Black "De Wit, Michel"]
[Result "1/2-1/2"]
[WhiteElo "2280"]
[BlackElo "2330"]
[PlyCount "30"]
[EventDate "1999.09.04"]
[Source "www.chesslib.no"]
[SourceDate "2004.05.04"]

1. e4 e5 2. b3 Nc6 3. Bb2 Nf6 4. d3 d5 5. Nd2 dxe4 6. dxe4 Bc5 7. Bb5 O-O 8. Ngf3 Nd4 9. Bd3 Re8 10. O-O Bg4 11. h3 Bh5 12. Be2 Bg6 13. Bd3 Bh5 14. Be2 Bg6 15. Bd3 Bh5 1/2-1/2

[Event "Ch City"]
[Site "Voronezh (Russia)"]
[Date "2007.12.11"]
[Round "8"]
[White "Gritsenko Vladimir (RUS)"]
[Black "Lukovnikov Alexander (RUS)"]
[Result "0-1"]
[WhiteElo "2243"]
[BlackElo "2363"]
[PlyCount "26"]
[EventDate "2007.??.??"]
[Source "www.chesslib.no"]
[SourceDate "2004.05.04"]

1. e4 e5 2. Bb5 Nf6 3. d3 c6 4. Ba4 d5 5. Nd2 Bg4 6. f3 Be6 7. c3 Bc5 8. Qe2 O-O 9. Bc2 Nbd7 10. g4 dxe4 11. Nxe4 Nxe4 12. dxe4 Qh4+ 13. Kf1 Bc4 0-1

[Event "RUS-Cup"]
[Site "Minsk"]
[Date "2000.??.??"]
[Round "1"]
[White "Takhirov, Viktor"]
[Black "Azarov, Sergei"]
[Result "0-1"]
[WhiteElo "2176"]
[BlackElo "2429"]
[PlyCount "49"]
[EventDate "2000.??.??"]
[Source "www.chesslib.no"]
[SourceDate "2004.05.04"]

1. e4 e5 2. c4 Bc5 3. Nc3 Nf6 4. d3 d6 5. h3 Nc6 6. Nf3 h6 7. Be2 O-O 8. Be3 Nd4 9. Qd2 c6 10. O-O-O b5 11. g4 Qa5 12. g5 hxg5 13. Bxg5 Nh7 14. Rdg1 bxc4 15. dxc4 Rb8 16. Bh6 g6 17. Bxf8 Qxc3+ 18. Qxc3 Nxe2+ 19. Kc2 Nxc3 20. Bxd6 Bxd6 21. Kxc3 Nf6 22. Ng5 Bc5 23. b3 Bd4+ 24. Kd3 c5 25. Rf1 0-1

[Event "BRA sf"]
[Site "?"]
[Date "2001.??.??"]
[Round "?"]
[White "Tsuboi Edson Kenji"]
[Black "Rodrigues Adriano Pfuhl"]
[Result "1/2-1/2"]
[WhiteElo "2317"]
[BlackElo "2288"]
[PlyCount "85"]
[EventDate "2001.??.??"]
[Source "www.chesslib.no"]
[SourceDate "2004.05.04"]

1. e4 e5 2. Bb5 c6 3. Ba4 Nf6 4. d3 d5 5. Nd2 dxe4 6. dxe4 Nbd7 7. Bb3 Bc5 8. Ngf3 Qe7 9. Qe2 O-O 10. O-O Nh5 11. g3 a5 12. a4 Ndf6 13. Kg2 b6 14. Nc4 Ba6 15. Bg5 h6 16. Be3 Bxe3 17. Qxe3 Qb4 18. Nfd2 Nd7 19. Rfd1 Nhf6 20. c3 Qc5 21. Qxc5 Nxc5 22. Nxe5 Nfxe4 23. Nxe4 Nxb3 24. Ra3 Rfe8 25. f4 Nc5 26. Nxc5 bxc5 27. Rb3 f6 28. Ng6 Re2+ 29. Kg1 Rae8 30. Rb6 Bc4 31. f5 Bd5 32. Nf4 R2e5 33. g4 Re4 34. Nxd5 cxd5 35. Rxd5 Rxa4 36. Kf2 Rxg4 37. Rxc5 a4 38. Kf3 Rge4 39. Rb4 Re2 40. Rb7 R8e3+ 41. Kf4 Re4+ 42. Kf3 R2e3+ 43. Kf2 1/2-1/2

[Event "NRW-Liga 9900"]
[Site "Germany"]
[Date "2000.03.01"]
[Round "6.5"]
[White "Freckmann, Mark"]
[Black "Krallmann, Matthias"]
[Result "1-0"]
[WhiteElo "2315"]
[BlackElo "2285"]
[PlyCount "93"]
[EventDate "1999.10.??"]
[Source "www.chesslib.no"]
[SourceDate "2004.05.04"]

1. e4 e5 2. Bb5 Nf6 3. d3 c6 4. Ba4 Bc5 5. Nf3 d6 6. O-O b5 7. Bb3 O-O 8. c3 Bb6 9. a4 a6 10. axb5 cxb5 11. Na3 Bb7 12. Nc2 Nbd7 13. Ne3 g6 14. h3 Nc5 15. Bc2 Ne6 16. Ng4 Nxg4 17. hxg4 Qf6 18. Bb3 Nc5 19. Ba2 Rfe8 20. Bg5 Qg7 21. Qd2 Rac8 22. Be3 a5 23. Ng5 Re7 24. f4 exf4 25. Rxf4 d5 26. Raf1 Rcc7 27. R4f2 h6 28. Bd4 Nxe4 29. dxe4 Bxd4 30. cxd4 hxg5 31. exd5 Rcd7 32. d6 Rxd6 33. Rxf7 Rxf7 34. Rxf7 Qxf7 35. Bxf7+ Kxf7 36. Qxa5 Bc6 37. Qc7+ Ke6 38. Qg7 Rd5 39. Qxg6+ Kd7 40. Qg7+ Kd6 41. Kf2 Bd7 42. Qf6+ Be6 43. Ke3 Kd7 44. Ke4 Kd6 45. Qf8+ Kd7 46. Qa8 Kd6 47. Qb7 1-0

[Event "RUS-Cup"]
[Site "?"]
[Date "2000.??.??"]
[Round "3"]
[White "Takhirov Viktor"]
[Black "Kiselev Gennady"]
[Result "0-1"]
[WhiteElo "2176"]
[BlackElo "2420"]
[PlyCount "44"]
[EventDate "2000.??.??"]
[Source "www.chesslib.no"]
[SourceDate "2004.05.04"]

1. e4 e5 2. c4 Nc6 3. Nc3 Bc5 4. d3 d6 5. h3 f5 6. Nf3 Nf6 7. Bg5 O-O 8. Qd2 Be6 9. Be2 a6 10. exf5 Bxf5 11. g4 Be6 12. Be3 Nd4 13. Ng5 Bd7 14. O-O-O Bb4 15. Rdg1 b5 16. Bd1 c5 17. h4 Rb8 18. h5 Qa5 19. Bb3 bxc4 20. dxc4 Bxc3 21. bxc3 Rxb3 22. Bxd4 Qa3+ 0-1

[Event "Caorle Open"]
[Site "Caorle ITA"]
[Date "1988.??.??"]
[Round "2"]
[White "Schmidt, Gerhardt"]
[Black "Voscilla, Adriano"]
[Result "1-0"]
[WhiteElo "2255"]
[BlackElo "2340"]
[PlyCount "105"]
[EventDate "1988.??.??"]
[Source "www.chesslib.no"]
[SourceDate "2004.05.04"]

1. e4 e5 2. c4 Bc5 3. Nf3 Nc6 4. a3 d6 5. b4 Bb6 6. Bb2 Nf6 7. Bd3 Bg4 8. O-O a5 9. b5 Nd4 10. Bxd4 Bxd4 11. Ra2 Nd7 12. Be2 Ba7 13. Ne1 Be6 14. Nc3 Nc5 15. d4 exd4 16. Qxd4 O-O 17. Nf3 Re8 18. Qd1 f6 19. Nd2 Bf7 20. Kh1 Bg6 21. f3 f5 22. g3 Qd7 23. Nb3 Nxb3 24. Qxb3 fxe4 25. fxe4 Qe6 26. Bf3 Rf8 27. Re2 Rxf3 28. Rxf3 Bh5 29. Nd5 Qe5 30. b6 Bxb6 31. Rf5 Qa1+ 32. Kg2 Qg1+ 33. Kh3 Bxe2 34. c5 Bf1+ 35. Kg4 Be2+ 36. Kh3 Bf1+ 37. Kg4 h5+ 38. Kg5 Bxc5 39. Nf6+ Kh8 40. Kg6 Qxh2 41. Rxh5+ Qxh5+ 42. Nxh5 Bd4 43. Qd1 Re8 44. Qxd4 Re5 45. Nxg7 Bg2 46. Ne8 Bxe4+ 47. Kf7 Bf3 48. g4 Bd5+ 49. Kf8 c5 50. Qb2 Kh7 51. Nf6+ Kg6 52. Nxd5 Rxd5 53. Qg7# 1-0

[Event "Oberliga Nord W 9495"]
[Site "GER"]
[Date "1995.03.05"]
[Round "6.2"]
[White "Schmidt Brauns, Joachim"]
[Black "Weyrich, Morten"]
[Result "1/2-1/2"]
[WhiteElo "2200"]
[BlackElo "2380"]
[PlyCount "169"]
[EventDate "1994.10.??"]
[Source "www.chesslib.no"]
[SourceDate "2004.05.04"]

1. e4 e5 2. g3 d5 3. exd5 Qxd5 4. Qf3 Qxf3 5. Nxf3 Nc6 6. d3 Bb4+ 7. Bd2 Bg4 8. Bg2 O-O-O 9. O-O f6 10. Bxb4 Nxb4 11. Rc1 e4 12. Ne1 exd3 13. c3 Nc2 14. Nxc2 dxc2 15. Na3 Rd1+ 16. Bf1 Ne7 17. Nxc2 Rd2 18. Ne3 Be6 19. Rc2 Rhd8 20. Re1 Nc6 21. Bc4 Bh3 22. Bf1 Bxf1 23. Kxf1 Rxc2 24. Nxc2 Ne5 25. Nd4 g5 26. b4 g4 27. Kg2 Rd5 28. Re4 c5 29. Nf5 Rd2 30. Rf4 Nd3 31. Nd6+ Kd7 32. Rxf6 Ne1+ 33. Kf1 Nf3 34. bxc5 Rxa2 35. Nxb7 Nxh2+ 36. Ke1 Nf3+ 37. Kd1 Rxf2 38. c6+ Kc7 39. Nc5 Rd2+ 40. Kc1 Rd6 41. Rxd6 Kxd6 42. Ne4+ Kxc6 43. Nf6 Ng5 44. Kc2 Kc5 45. Kd3 a5 46. Nxg4 a4 47. Nf6 a3 48. Kc2 Kc4 49. Ng4 Ne4 50. Ne3+ Kc5 51. Nf1 a2 52. Kb2 Nxc3 53. Ne3 Kd4 54. Ng4 Ne4 55. Kxa2 h5 56. Nh6 Nxg3 57. Kb2 Kd3 58. Kc1 Ke2 59. Nf7 Ne4 60. Ne5 Nf2 61. Kc2 Nd1 62. Ng6 Ne3+ 63. Kc3 Ng2 64. Kd4 Kf3 65. Ke5 Ne3 66. Kd4 Ng2 67. Ke5 Ne3 68. Kd4 Nf5+ 69. Kd3 Ne7 70. Ne5+ Kg2 71. Ke2 h4 72. Nd3 Nd5 73. Nf2 Nf4+ 74. Ke3 Ng6 75. Ke2 Ne5 76. Ke3 Kg1 77. Ke2 Kg2 78. Ke3 Ng6 79. Ke2 Nf4+ 80. Ke3 Nd5+ 81. Ke2 Nc3+ 82. Ke3 Kg3 83. Nh1+ Kh2 84. Kf3 Ne4 85. Kxe4 1/2-1/2

[Event "CSR Team Ch 9091"]
[Site "Czekhoslovakia"]
[Date "1991.02.02"]
[Round "7.6"]
[White "Muron, Miroslav"]
[Black "Franzen, Jozef"]
[Result "0-1"]
[WhiteElo "2245"]
[BlackElo "2315"]
[PlyCount "52"]
[EventDate "1990.??.??"]
[Source "www.chesslib.no"]
[SourceDate "2004.05.04"]

1. e4 e5 2. g3 Nf6 3. Bg2 Bc5 4. c3 d5 5. exd5 Nxd5 6. Ne2 Nc6 7. d4 exd4 8. Nxd4 Nxd4 9. cxd4 Bb4+ 10. Bd2 Qe7+ 11. Qe2 Bxd2+ 12. Kxd2 Be6 13. Bxd5 Qg5+ 14. Qe3 Qxd5 15. Nc3 Qa5 16. Qe5 Qb4 17. Qb5+ Qxb5 18. Nxb5 O-O-O 19. Kc3 Rd5 20. Na3 Rhd8 21. Rhd1 c5 22. Nc2 Bf5 23. Rac1 Kb8 24. Kc4 cxd4 25. Nxd4 Rxd4+ 26. Rxd4 Rc8+ 0-1

[Event "Sarospatak op"]
[Site "Budapest"]
[Date "1997.??.??"]
[Round "?"]
[White "Kocsis, Gyorgy"]
[Black "Asztalos, Viktor"]
[Result "1/2-1/2"]
[WhiteElo "2300"]
[BlackElo "2260"]
[PlyCount "52"]
[EventDate "1997.??.??"]
[Source "www.chesslib.no"]
[SourceDate "2004.05.04"]

1. e4 e5 2. Bb5 a6 3. Ba4 b5 4. Bb3 Nf6 5. d3 Bc5 6. Nc3 O-O 7. Nf3 d6 8. Bg5 Nbd7 9. O-O Re8 10. a4 Rb8 11. axb5 axb5 12. Nd5 h6 13. Be3 Bb7 14. Nxf6+ Qxf6 15. Qd2 c6 16. c3 Bb6 17. Bxb6 Nxb6 18. Qe3 c5 19. Ra5 Bc6 20. Nd2 Re7 21. Rfa1 c4 22. dxc4 bxc4 23. Bxc4 Nxc4 24. Nxc4 Bb5 25. b3 Rc7 26. Ra7 Bxc4 1/2-1/2

[Event "Edinburgh op"]
[Site "Edinburgh"]
[Date "2000.??.??"]
[Round "1"]
[White "Robertson, Ian C"]
[Black "Mannion, Stephen R"]
[Result "1-0"]
[WhiteElo "2202"]
[BlackElo "2350"]
[PlyCount "79"]
[EventDate "2000.??.??"]
[Source "www.chesslib.no"]
[SourceDate "2004.05.04"]

1. e4 e5 2. c4 Nf6 3. d3 Bc5 4. Nc3 Nc6 5. Be2 d6 6. a3 a5 7. Bd2 O-O 8. h3 Be6 9. Nf3 h6 10. g4 Nh7 11. Nd5 Nd4 12. Nxd4 Bxd4 13. Bc3 c6 14. Bxd4 exd4 15. Nf4 Bd7 16. Qd2 Qe7 17. h4 Rfe8 18. g5 hxg5 19. hxg5 b5 20. cxb5 Rab8 21. bxc6 Bxc6 22. Rc1 Ba8 23. Qxa5 d5 24. g6 fxg6 25. Rc7 Qe5 26. Nxg6 Qg5 27. Rxg7+ Kxg7 28. Qc7+ Re7 29. Nxe7 Rb7 30. Nf5+ Kf8 31. Qc8+ Kf7 32. Rxh7+ Kg6 33. Qg8+ Kf6 34. Qxg5+ Kxg5 35. Rxb7 Bxb7 36. Ng3 Kf4 37. exd5 Bxd5 38. b4 Bc6 39. Bd1 Bb5 40. Kd2 1-0

[Event "HUN-chT2 9495"]
[Site "HUN"]
[Date "1995.??.??"]
[Round "?"]
[White "Kocsis, Gyorgy"]
[Black "Babics, Andras"]
[Result "1/2-1/2"]
[WhiteElo "2290"]
[BlackElo "2260"]
[PlyCount "113"]
[EventDate "1994.??.??"]
[Source "www.chesslib.no"]
[SourceDate "2004.05.04"]

1. e4 e5 2. Bb5 c6 3. Ba4 d6 4. d3 Be7 5. Nc3 Na6 6. Nd5 Nc5 7. Nxe7 Nxe7 8. Bb3 Nxb3 9. axb3 Be6 10. f4 f6 11. Nf3 a6 12. O-O O-O 13. Qe1 Qd7 14. Qg3 Rad8 15. f5 Bf7 16. Bh6 Bg6 17. Nh4 gxh6 18. fxg6 hxg6 19. Nxg6 Nxg6 20. Qxg6+ Qg7 21. Qf5 Kf7 22. Rf3 Qg6 23. Qh3 Ke7 24. Raf1 Rf7 25. Rg3 Qh7 26. Qh4 Rdf8 27. Rh3 Rh8 28. Rf5 Qg8 29. Rg3 Qh7 30. Rh5 Rg7 31. Rxh6 Qxh6 32. Qxh6 Rxh6 33. Rxg7+ Ke6 34. Rxb7 d5 35. exd5+ Kxd5 36. Ra7 Kd4 37. Rxa6 f5 38. Kf2 Rxh2 39. Rxc6 e4 40. Rc4+ Kd5 41. dxe4+ fxe4 42. Kg3 Rh1 43. Kf2 Rd1 44. g4 Ke5 45. g5 Kf4 46. Ke2 Rg1 47. Kd2 Rxg5 48. Rc8 e3+ 49. Kd3 Rd5+ 50. Ke2 Rd2+ 51. Ke1 Kf3 52. b4 Rh2 53. Rf8+ Ke4 54. Re8+ Kf3 55. Rf8+ Ke4 56. Rc8 Kf3 57. Rf8+ 1/2-1/2

[Event "Marostica op"]
[Site "Marostica"]
[Date "1997.??.??"]
[Round "?"]
[White "Rossi, Carlo"]
[Black "Gallo, Enrico"]
[Result "1-0"]
[WhiteElo "2320"]
[BlackElo "2225"]
[PlyCount "55"]
[EventDate "1997.??.??"]
[Source "www.chesslib.no"]
[SourceDate "2004.05.04"]

1. e4 e5 2. Bb5 Bc5 3. Nf3 Nf6 4. O-O O-O 5. Nxe5 d5 6. d4 Bb6 7. exd5 Qxd5 8. Nc3 Qxd4 9. Qe2 Be6 10. Bg5 c6 11. Rad1 Qc5 12. Bd3 Ng4 13. Nf3 Nd7 14. Ne4 Qa5 15. Bd2 Qd5 16. Neg5 Bf5 17. Bc4 Qd6 18. Bc3 Qg6 19. Rxd7 Bxd7 20. Qe7 Be6 21. Nxe6 fxe6 22. Nh4 Qh6 23. Qxe6+ Kh8 24. Qxg4 Rf4 25. Bxg7+ Qxg7 26. Qxf4 Rf8 27. Nf5 Qf6 28. Bd3 1-0

[Event "Lisbon Ch"]
[Site "Lisbon POR"]
[Date "1994.??.??"]
[Round "6"]
[White "Oliveira, Antonio"]
[Black "Nogueira, Nelson"]
[Result "1/2-1/2"]
[WhiteElo "2280"]
[BlackElo "2265"]
[PlyCount "86"]
[EventDate "1994.??.??"]
[Source "www.chesslib.no"]
[SourceDate "2004.05.04"]

1. e4 e5 2. Bb5 Nf6 3. Nc3 a6 4. Ba4 c5 5. Bb3 Nc6 6. d3 h6 7. Nge2 Na5 8. Bd5 d6 9. O-O g5 10. Ng3 Bg4 11. Qe1 Nc6 12. Bxc6+ bxc6 13. Nd1 Ng8 14. Ne3 Be6 15. c4 Ne7 16. Nh5 Ng6 17. Nf5 Be7 18. Nfg7+ Kd7 19. Nxe6 fxe6 20. b4 cxb4 21. Qxb4 Nf4 22. Nxf4 gxf4 23. Qb7+ Qc7 24. Rb1 Rhb8 25. Qxc7+ Kxc7 26. Bd2 a5 27. Rxb8 Rxb8 28. Bxa5+ Kd7 29. Bc3 Ra8 30. a4 Rxa4 31. Ra1 Rxa1+ 32. Bxa1 Kc7 33. Kf1 Kb6 34. Bb2 Kc5 35. Bc3 Bf6 36. Ke2 d5 37. cxd5 exd5 38. exd5 cxd5 39. f3 Bg7 40. g3 fxg3 41. hxg3 Kd6 42. f4 Ke6 43. g4 Bf6 1/2-1/2

[Event "Arnold Cup"]
[Site "Gausdal NOR"]
[Date "1994.??.??"]
[Round "2"]
[White "Moen, Ole-Christian"]
[Black "Alava, Mikko"]
[Result "1-0"]
[WhiteElo "2245"]
[BlackElo "2285"]
[PlyCount "55"]
[EventDate "1994.04.??"]
[Source "www.chesslib.no"]
[SourceDate "2004.05.04"]

1. e4 e5 2. Bb5 a6 3. Ba4 Nc6 4. f4 Qh4+ 5. g3 Qe7 6. d3 exf4 7. Bxf4 d5 8. Nc3 Nf6 9. e5 b5 10. Bb3 Nxe5 11. Qe2 Ng6 12. Nxd5 Qxe2+ 13. Nxe2 Nxf4 14. Nxf6+ gxf6 15. Nxf4 Bd6 16. Bd5 Rb8 17. O-O O-O 18. Nh5 f5 19. Rae1 Bc5+ 20. Kg2 Rb6 21. c3 Rd6 22. d4 Bb6 23. Re5 c5 24. dxc5 Bxc5 25. Rfe1 Bd7 26. Re7 Rxd5 27. Rxd7 Rd8 28. Rxd5 1-0

[Event "AUT-chT2S 9495"]
[Site "Austria"]
[Date "1995.??.??"]
[Round "2"]
[White "Meyer, Paul"]
[Black "Insam, Heinz"]
[Result "0-1"]
[WhiteElo "2235"]
[BlackElo "2285"]
[PlyCount "54"]
[EventDate "1994.??.??"]
[Source "www.chesslib.no"]
[SourceDate "2004.05.04"]

1. e4 e5 2. Bb5 c6 3. Ba4 Nf6 4. Qe2 d6 5. c3 Nbd7 6. d4 Qa5 7. Bc2 exd4 8. f4 dxc3 9. Nxc3 Be7 10. Bd2 Qc7 11. g4 Nc5 12. g5 Nfd7 13. Qh5 Nb6 14. Nge2 Be6 15. f5 Bc4 16. Nf4 O-O-O 17. b3 Ba6 18. a4 Kb8 19. b4 Ncd7 20. Qxf7 Ne5 21. Qh5 Bxg5 22. Ne6 Bxd2+ 23. Kxd2 Nbc4+ 24. Kc1 Qb6 25. Qh3 Qxb4 26. Rb1 Qa3+ 27. Kd1 Ng4 0-1

[Event "Bobadela Mestres"]
[Site "Bobadela"]
[Date "2002.01.05"]
[Round "1"]
[White "Padeiro, Jose"]
[Black "Dias, Paulo"]
[Result "1/2-1/2"]
[WhiteElo "2187"]
[BlackElo "2330"]
[PlyCount "70"]
[EventDate "2002.01.05"]
[Source "ChessBase"]
[SourceDate "2002.03.14"]

1. e4 e5 2. Bb5 Nc6 3. c3 Nf6 4. Qe2 Bc5 5. Nf3 Qe7 6. O-O O-O 7. Rd1 Bb6 8. Na3 d6 9. Nc4 Nd8 10. Nxb6 axb6 11. d3 Be6 12. Bc4 Bxc4 13. dxc4 Ne6 14. Nh4 Nc5 15. Nf5 Qe6 16. f3 Nb3 17. Bh6 Nh5 18. axb3 gxh6 19. Qd2 Ng7 20. Nxh6+ Kh8 21. Ng4 f5 22. Nf2 Qg6 23. Qd5 Rab8 24. Ra7 Nh5 25. exf5 Rxf5 26. Qe4 Rg8 27. g4 Nf6 28. Qxb7 e4 29. Rda1 Rxf3 30. Ra8 Rf4 31. Rxg8+ Nxg8 32. Re1 Rxg4+ 33. Nxg4 Qxg4+ 34. Kh1 Qf3+ 35. Kg1 Qg4+ 1/2-1/2

[Event "Dresden ZMD op"]
[Site "?"]
[Date "2002.??.??"]
[Round "4"]
[White "Pokojski Patryk"]
[Black "Lobzhanidze Davit"]
[Result "0-1"]
[WhiteElo "2030"]
[BlackElo "2485"]
[PlyCount "52"]
[EventDate "2002.??.??"]
[Source "www.chesslib.no"]
[SourceDate "2004.05.04"]

1. e4 e5 2. c4 Nc6 3. g3 Bc5 4. Bg2 d6 5. d3 Nge7 6. Ne2 O-O 7. O-O f5 8. Nbc3 Nd4 9. Nxd4 Bxd4 10. Ne2 Bb6 11. Be3 fxe4 12. Bxe4 Bh3 13. Bg2 Bxg2 14. Kxg2 Bxe3 15. fxe3 Nf5 16. Qd2 Qg5 17. Kg1 Nh4 18. Nc3 Nf3+ 19. Rxf3 Rxf3 20. Re1 Raf8 21. Ne4 Qg6 22. b4 c6 23. c5 d5 24. Nd6 Rxg3+ 25. hxg3 Qxg3+ 26. Kh1 Rf6 0-1

[Event "AUT-chT2S 9495"]
[Site "Austria"]
[Date "1995.??.??"]
[Round "11"]
[White "Meyer, Paul"]
[Black "Kotz, Heinz Peter"]
[Result "1-0"]
[WhiteElo "2235"]
[BlackElo "2270"]
[PlyCount "76"]
[EventDate "1994.??.??"]
[Source "www.chesslib.no"]
[SourceDate "2004.05.04"]

1. e4 e5 2. Bb5 Nf6 3. d4 Nxe4 4. Qe2 Nd6 5. Nc3 Be7 6. dxe5 Nxb5 7. Qxb5 O-O 8. Bf4 Bg5 9. Bg3 b6 10. f4 Bb7 11. Nf3 Be7 12. O-O-O Bc5 13. Qd3 h6 14. f5 Na6 15. f6 gxf6 16. Bf4 fxe5 17. Bxh6 Qf6 18. Bxf8 Bxf8 19. Qxd7 e4 20. Qg4+ Bg7 21. Nd4 Qg6 22. Qxg6 fxg6 23. Ne6 Be5 24. Nd8 Bc8 25. Nc6 Bf4+ 26. Kb1 Bb7 27. Ne7+ Kg7 28. Ned5 Bh6 29. Nxe4 Re8 30. Nec3 Nc5 31. Nxc7 Rc8 32. N7d5 Bg5 33. h4 Bd8 34. g4 b5 35. Nxb5 Ba6 36. Nbc3 Rb8 37. g5 Ba5 38. Rhe1 Bc4 1-0

[Event "Cologne Open 9394"]
[Site "Cologne GER"]
[Date "1993.??.??"]
[Round "3"]
[White "Schaffarth, Peter"]
[Black "Lytchak, Alexander"]
[Result "1/2-1/2"]
[WhiteElo "2245"]
[BlackElo "2255"]
[PlyCount "124"]
[EventDate "1993.12.??"]
[Source "www.chesslib.no"]
[SourceDate "2004.05.04"]

1. e4 e5 2. c4 Bc5 3. Nc3 Nc6 4. Nf3 d6 5. d3 Nge7 6. Be2 O-O 7. O-O f5 8. exf5 Nxf5 9. Ne4 Bb6 10. Rb1 a5 11. a3 Ncd4 12. Nxd4 Bxd4 13. Bg5 Qd7 14. Bg4 Qc6 15. Kh1 Be6 16. Be3 Bxe3 17. fxe3 d5 18. cxd5 Qxd5 19. Qe2 Ne7 20. Bf3 Qb5 21. Rbc1 Qb6 22. Nc5 Bc8 23. d4 Qd6 24. Qc4+ Kh8 25. Nxb7 Bxb7 26. Bxb7 Rxf1+ 27. Rxf1 Rd8 28. h3 Ng6 29. Be4 exd4 30. Bxg6 hxg6 31. exd4 c6 32. Qc3 a4 33. Rc1 Kh7 34. Qxc6 Qxd4 35. Qc4 Qd2 36. Rf1 Rd4 37. Qc3 Qxc3 38. bxc3 Rd3 39. Rf4 Rxc3 40. Rxa4 Rc1+ 41. Kh2 Ra1 42. Kg3 Ra2 43. Kf3 Kh6 44. g3 Ra1 45. Kg4 Ra2 46. h4 Kh7 47. Kg5 Ra1 48. Kf4 Kh6 49. g4 Rf1+ 50. Ke5 Rh1 51. g5+ Kh5 52. Ra5 Rxh4 53. Kd6 Rf4 54. a4 Rg4 55. Kc6 Rf4 56. Kb6 Re4 57. Ra8 Kxg5 58. a5 Ra4 59. a6 Kf4 60. a7 g5 61. Rf8+ Ke3 62. Re8+ Kf3 1/2-1/2

[Event "Sarospatak Open"]
[Site "Sarospatak"]
[Date "1995.??.??"]
[Round "?"]
[White "Kocsis, Gyorgy"]
[Black "Kovacs, Aladar"]
[Result "1-0"]
[WhiteElo "2290"]
[BlackElo "2210"]
[PlyCount "35"]
[EventDate "1995.??.??"]
[Source "www.chesslib.no"]
[SourceDate "2004.05.04"]

1. e4 e5 2. Bb5 Bc5 3. c3 Qh4 4. d4 Qxe4+ 5. Ne2 exd4 6. cxd4 Bb4+ 7. Nbc3 Qxg2 8. Rg1 Qd5 9. Qd3 Qe6 10. Bf4 c6 11. Ba4 b6 12. O-O-O Ba6 13. Qg3 Bxe2 14. d5 Qf6 15. Rde1 d6 16. Rxe2+ Kd7 17. dxc6+ Nxc6 18. Bxc6+ 1-0

[Event "Sitges (Spain)"]
[Site "?"]
[Date "2002.??.??"]
[Round "7"]
[White "Ferron Garcia Carlos"]
[Black "Ramirez Rio Jose"]
[Result "1-0"]
[WhiteElo "2283"]
[BlackElo "2214"]
[PlyCount "89"]
[EventDate "2002.??.??"]
[Source "www.chesslib.no"]
[SourceDate "2004.05.04"]

1. e4 e5 2. Bb5 Nf6 3. d4 c6 4. dxe5 Nxe4 5. Qe2 Qa5+ 6. c3 Qxb5 7. Qxe4 Na6 8. a4 Qb6 9. b4 Qd8 10. Nf3 Be7 11. Qg4 Kf8 12. O-O d5 13. Qg3 Qd7 14. h3 Qf5 15. Bg5 Bxg5 16. Nxg5 h6 17. Nf3 Nc7 18. Nd4 Qh7 19. Nd2 Ne6 20. Nxe6+ Bxe6 21. Nb3 h5 22. Na5 Rb8 23. Qe3 Qe4 24. Qxa7 Qxe5 25. Rae1 Qf4 26. Re3 Rh6 27. Rfe1 Rg6 28. Nxb7 Kg8 29. Na5 Rc8 30. Qd4 Qh6 31. Nb3 h4 32. f4 Rf6 33. Rf3 Qh5 34. Re5 Qg6 35. Rg5 Qh6 36. Nc5 Bf5 37. Qe5 Bg6 38. a5 Ra8 39. a6 Be4 40. Re3 Rg6 41. Rxe4 dxe4 42. Rh5 Re6 43. Nxe6 Qxe6 44. Qxe6 fxe6 45. Ra5 1-0

[Event "Frankfurt City-ch"]
[Site "?"]
[Date "2001.05.28"]
[Round "5"]
[White "Drill Frank"]
[Black "Schlamp Robert"]
[Result "0-1"]
[WhiteElo "2163"]
[BlackElo "2328"]
[PlyCount "32"]
[EventDate "2001.??.??"]
[Source "www.chesslib.no"]
[SourceDate "2004.05.04"]

1. e4 e5 2. Bb5 c6 3. Ba4 Nf6 4. Nc3 b5 5. Bb3 b4 6. Na4 Nxe4 7. Nf3 d5 8. Nxe5 Qe7 9. O-O Qxe5 10. d3 Bd6 11. g3 Ng5 12. Bf4 Nh3+ 13. Kh1 Qe7 14. Bxd6 Qxd6 15. a3 O-O 16. axb4 Nd7 0-1

[Event "Tch (Men) 2005/2006 USA"]
[Site "?"]
[Date "2006.02.18"]
[Round "1"]
[White "Fitzko Mitchell"]
[Black "Kaufman Larry C"]
[Result "1/2-1/2"]
[WhiteElo "2141"]
[BlackElo "2347"]
[PlyCount "120"]
[EventDate "2006.??.??"]
[Source "www.chesslib.no"]
[SourceDate "2004.05.04"]

1. e4 e5 2. Bb5 c6 3. Ba4 Nf6 4. Nc3 d6 5. d3 Nbd7 6. f4 Be7 7. Nf3 O-O 8. Bb3 exf4 9. Bxf4 Nc5 10. O-O a5 11. Be3 d5 12. exd5 Nxb3 13. axb3 Nxd5 14. Nxd5 Qxd5 15. Qe1 Bd7 16. Qf2 c5 17. Rad1 Rac8 18. c4 Qh5 19. d4 cxd4 20. Nxd4 a4 21. bxa4 Rxc4 22. b3 Rcc8 23. Nf5 Bxf5 24. Qxf5 Qxf5 25. Rxf5 Rc3 26. Bb6 Rxb3 27. a5 g6 28. Rff1 Rb5 29. Rd7 Bc5+ 30. Bxc5 Rxc5 31. Rxb7 Rxa5 32. Rfb1 Ra2 33. h3 Rd8 34. Rb8 Rxb8 35. Rxb8+ Kg7 36. Rb6 h5 37. Kh2 h4 38. Rc6 g5 39. Rb6 f6 40. Kg1 Kg6 41. Rb5 Rd2 42. Ra5 f5 43. Ra6+ Kh5 44. Ra5 Kg6 45. Ra6+ Kf7 46. Rb6 Re2 47. Kf1 Re6 48. Rb5 Kf6 49. Ra5 Rd6 50. Kf2 Ke6 51. Ke3 Rd5 52. Ra8 Rb5 53. Rg8 Rb3+ 54. Kf2 Kf6 55. Re8 Rb2+ 56. Kf3 Rb3+ 57. Kf2 Rd3 58. Ke2 Rd4 59. Ke3 Rd6 60. Kf3 Rd3+ 1/2-1/2

[Event "Open 2007"]
[Site "Miami USA"]
[Date "2007.09.26"]
[Round "1"]
[White "Bermudez, William"]
[Black "Galofre, Charles"]
[Result "1-0"]
[WhiteElo "2200"]
[BlackElo "2285"]
[PlyCount "67"]
[EventDate "2007.09.26"]
[Source "www.chesslib.no"]
[SourceDate "2004.05.04"]

1. e4 e5 2. g3 Nc6 3. Bg2 Bc5 4. Ne2 Nge7 5. O-O O-O 6. c3 d5 7. d4 exd4 8. cxd4 Bb6 9. e5 Bg4 10. f3 Bf5 11. Kh1 Bxb1 12. Rxb1 Nf5 13. f4 Qd7 14. Qd3 h5 15. Bh3 Nce7 16. b4 g6 17. b5 Kg7 18. Ba3 Rfe8 19. Rg1 Ng8 20. g4 hxg4 21. Rxg4 Ngh6 22. Rg5 a6 23. Rbg1 axb5 24. Ng3 Nxg3+ 25. Qxg3 Qc6 26. f5 Rg8 27. fxg6 f6 28. Rh5 Rxa3 29. Qxa3 Re8 30. Qe3 Rh8 31. Rf1 f5 32. Bxf5 Qc4 33. Bh3 Qxd4 34. Qg5 1-0

[Event "Independence Cup op"]
[Site "Kiev"]
[Date "1998.??.??"]
[Round "3"]
[White "Smachenko, Vasily"]
[Black "Tikhomirov, Alexey"]
[Result "0-1"]
[WhiteElo "2150"]
[BlackElo "2320"]
[PlyCount "138"]
[EventDate "1998.??.??"]
[Source "www.chesslib.no"]
[SourceDate "2004.05.04"]

1. e4 e5 2. c4 Nf6 3. Nc3 Bb4 4. d3 O-O 5. Nf3 Re8 6. Be2 c6 7. O-O d5 8. cxd5 cxd5 9. Bg5 Bxc3 10. bxc3 dxe4 11. Bxf6 Qxf6 12. dxe4 Nc6 13. Qb3 Qg6 14. Rfe1 Re7 15. Rad1 Bh3 16. Bf1 Bg4 17. Rd3 Rae8 18. Nh4 Qh5 19. g3 g6 20. Ng2 Be6 21. Qa4 f5 22. Rd6 Kh8 23. Bc4 Bxc4 24. Qxc4 f4 25. Qd5 g5 26. Rd7 Rxd7 27. Qxd7 Re7 28. Qc8+ Kg7 29. h4 h6 30. g4 Qf7 31. Rd1 Re8 32. Qf5 Qxf5 33. gxf5 Rd8 34. Rxd8 Nxd8 35. hxg5 hxg5 36. Kf1 g4 37. Ne1 Nf7 38. f3 g3 39. Nd3 Kf6 40. Kg2 Nd6 41. Nc5 Ke7 42. Kh3 b6 43. Nd3 Nc4 44. Nb4 Kd6 45. Nd5 Kd7 46. Kg2 Kd6 47. Kh3 Nd2 48. Kg2 Kd7 49. Nf6+ Ke7 50. Nd5+ Kd6 51. Nb4 Nc4 52. Nd5 Nd2 53. Nb4 b5 54. Nd5 a5 55. Nb6 Kc6 56. f6 Kd6 57. f7 Ke7 58. Nd7 Kxf7 59. Nxe5+ Kf6 60. Nc6 Nb1 61. c4 bxc4 62. Nxa5 Na3 63. Nb7 c3 64. Nc5 c2 65. Nd3 Ke7 66. Kf1 Nc4 67. Nc1 Kd6 68. Nd3 Ne5 69. Nc1 Nxf3 0-1